000 00368nam a2200133Ia 4500
008 151001s9999||||xx |||||||||||||| ||und||
100 _aप्रशांत पोखरकर
245 _aलाइफ लाईण
250 _a1
260 _bपुष्प प्रकाशन पुणे
260 _c1995
300 _a156
365 _b16
999 _c972386
_d972383